000 00219nam a22000857a 4500
008 161112b xxu||||| |||| 00| 0 eng d
100 _91175
_aChaudhery.S.
245 _aTargetting Mathematics-4
260 _aNew Delhi
_bMEB
_c2012
999 _c3854
_d3854